000 00582nam a2200157 a 4500
001 000045092
005 20201002045854.0
008 150202s19uu ag 000 0 spa d
040 _aDO-SdBNP
_bspa
_cBNPHU
082 _axxxx
_bxxxx
100 1 _aGuevara, Che,
_d1928-1967.
_973110
245 1 3 _aEl hombre y el socialismo en Cuba /
_cChe Guevara.
260 _a[Buenos Aires, Argentina :
_bEdiciones Sintesis,
_c196?].
300 _a215 p. ;
_c19 cm.
500 _aTítulo de la cubierta : El hombre y el socialismo en Cuba ; Consejos al combatiente ; Pasajes de la guerra revolucionaria
999 _c44581
_d44581